Cyclisme : Les 40 pays représentés en WorldTour en 2024 - Statistiques

Statistiques générales
  • Ce quiz a été pris 171 fois
  • Le résultat moyen est 34 sur 41
Statistiques - réponses
Nombre de Coureurs Pays représentés % Correct
73 France
100%
62 Belgique
99%
34 Espagne
99%
53 Italie
99%
47 Pays-Bas
99%
33 Royaume-Uni
99%
17 Danemark
97%
13 États-Unis
97%
7 Portugal
95%
30 Allemagne
94%
26 Australie
94%
8 Norvège
94%
7 Slovénie
94%
16 Colombie
93%
8 Suisse
92%
1 Canada
91%
2 Russie
91%
6 Irlande
90%
1 Slovaquie
89%
4 Luxembourg
88%
8 Pologne
88%
2 Japon
87%
8 Nouvelle-Zelande
86%
4 Équateur
85%
1 Mexique
85%
10 Autriche
83%
4 Érythrée
83%
2 Lettonie
79%
1 Finlande
78%
3 Afrique Du Sud
77%
1 Brésil
77%
1 Hongrie
77%
2 Estonie
76%
10 Kazakhstan
72%
4 République Tchèque
71%
1 Croatie
69%
1 Serbie
66%
1 Éthiopie
43%
1 Costa Rica
34%
1 Bahreïn
30%
1 Taïwan
25%
Aucun quiz correspondant
Distribution des résultats
% des personnes avec chaque résultat
Percentile par nombre de réponses
Votre historique - résultats
Vous n’avez pas pris ce quiz